Lịch sử cận đại thế giới Quyển 3
Zapisane w:
| 1. autor: | |
|---|---|
| Kolejni autorzy: | , |
| Format: | Książka |
| Wydane: |
H.
Đại học và Trung học chuyên nghiệp
|
| Hasła przedmiotowe: | |
| Etykiety: |
Dodaj etykietę
Nie ma etykietki, Dołącz pierwszą etykiete!
|
| Thư viện lưu trữ: | Trung tâm Học liệu Lê Vũ Hùng, Trường Đại học Đồng Tháp |
|---|
| LEADER | 00875pam a22002418a 4500 | ||
|---|---|---|---|
| 001 | 00023014 | ||
| 005 | 20171026081022.0 | ||
| 008 | 110608s ||||||Viesd | ||
| 041 | 0 | # | |a Vie |
| 082 | 1 | 4 | |a 930 |b L302S |
| 100 | 0 | # | |a Nguyễn Văn Hồng |
| 245 | 0 | 0 | |a Lịch sử cận đại thế giới |c Nguyễn Văn Hồng, Vũ Dương Ninh, Võ Mai Bạch Tuyết |n Quyển 3 |
| 260 | # | # | |a H. |b Đại học và Trung học chuyên nghiệp |
| 300 | # | # | |a 559 tr. |c 19 cm. |
| 653 | # | # | |a Lịch sử cận đại |
| 653 | # | # | |a lịch sử |
| 653 | # | # | |a Lịch sử thế giới |
| 700 | 0 | # | |a Võ Mai Bạch Tuyết |
| 700 | 0 | # | |a Vũ Dương Ninh |
| 852 | # | # | |j KD.0009835 |
| 852 | # | # | |b Kho đọc |j KD.0009835 |
| 910 | 0 | # | |a ngọc |d 08/06/2011 |
| 980 | # | # | |a Trung tâm Học liệu Lê Vũ Hùng, Trường Đại học Đồng Tháp |